000
00254nam a22001217a 4500
008
180817b xxu||||| |||| 00| 0 eng d
041
_a
eng
080
_a
94
100
_a
19
101
_a
his
245
_a
the reformation
_c
durabt,w
942
_2
udc
_c
BK
999
_c
47206
_d
47206